00487nam a2200145Ia 4500008004100000020001800041100001700059245008000076260002200156440001600178650001400194856004100208999001900249952007300268171212s9999 xx 000 0 und d a9780745399348 aKurt, Mehmet cKurt, MehmetaKurdish Hizbullah in TurkeybIslamism, Violence and the State bPluto Booksc2017 aState Crime aSociology uhttp://jstor.org/stable/j.ctt1mtz7vw c351614d351614 001040aCLbCLd2017-12-12l0r2017-12-12 00:00:00w2017-12-12yCBE